000
00196nam a2200097Ia 4500
008
240625s9999 xx 000 0 und d
041
_a
eng
100
_a
DIGIT
245
_a
DIGIT CD
260
_c
2007
999
_c
33612
_d
33612